000 00705nam a2200229 b 4500
001 bimo0000769013
003 OSt
005 20131028164708.0
008 980121s2008 sp | ||| ||spa
020 _a978-950-06-0883-1
040 _aSpMaBN
_cBMC
082 _a611.018
100 1 0 _aGeneser, Finn
_98010
245 1 0 _aHistología
_b: sobre bases biomoleculares
_cFinn Geneser
250 _a3ª ed., 8ª reimp
260 _aBuenos Aires [etc.]
_bEditorial Médica Panamericana
_c2008
300 _aXIV, 768 p.
_bil.
_c28 cm
595 _aTítulo original : Histologi, 3rd ed.
597 _1No se tiene el disco compacto que acompañaba al libro
650 2 4 _aHistología
_97970
942 _2ddc
_cBK
999 _c3487
_d3487